000 00444nam a2200181Ia 4500
001 8945
005 20260306160647.0
008 260306t2017||||xx |||||||||||||| ||spa||
041 _aESP
082 _a372
_bE354
100 _aElkind, David,
_eAUT
245 0 _aLa educación errónea :
_bniños preescolares en peligro
260 _c2017
300 _a229 páginas :
_c21 cm.
650 _aGEN
654 _aCED
942 _cLIB
_dJUS
_fJUS
_2ddc
_n
999 _c8945
_d8945